[Event "13. Open del Sants 2011"]
[Site "Barcelona ESP"]
[Date "2011.08.28"]
[Round "10.6"]
[White "Rios, Cristhian Camilo"]
[Black "Aroshidze, Levan"]
[Result "1/2-1/2"]
[WhiteElo "2424"]
[BlackElo "2539"]
[PlyCount "70"]
[EventDate "2011.08.19"]
[EventType "swiss"]
[EventRounds "10"]
[EventCountry "ESP"]
[Source "lmi"]
[SourceDate "2011.08.19"]

1. d4 Nf6 2. c4 e6 3. Nc3 Bb4 4. e3 O-O 5. Nf3 d5 6. Be2 dxc4 7. Bxc4 c5 8. O-O
cxd4 9. exd4 b6 10. Qe2 Bb7 11. Rd1 Bxc3 12. bxc3 Qc7 13. Bd3 Qxc3 14. Bb2 Qc6
15. Rac1 Qd5 16. Rc7 Nbd7 17. Bc4 Qe4 18. Qd2 Bd5 19. Re1 Qf5 20. Bd3 Qh5 21.
Ne5 Rfd8 22. Be2 Qh4 23. g3 Qh3 24. Bf1 Qf5 25. Qd3 Qxd3 26. Nxd3 Bxa2 27. Ra1
Bd5 28. Raxa7 Rxa7 29. Rxa7 Bc4 30. Ne5 Bxf1 31. Nc6 Re8 32. Kxf1 h5 33. Ba3 g6
34. Be7 Kg7 35. Rb7 b5 1/2-1/2

[Event "13. Open del Sants 2011"]
[Site "Barcelona ESP"]
[Date "2011.08.28"]
[Round "10.7"]
[White "Mirzoev, Azer"]
[Black "Kunte, Abhijit"]
[Result "1/2-1/2"]
[WhiteElo "2415"]
[BlackElo "2528"]
[PlyCount "31"]
[EventDate "2011.08.19"]
[EventType "swiss"]
[EventRounds "10"]
[EventCountry "ESP"]
[Source "lmi"]
[SourceDate "2011.08.19"]

1. d4 Nf6 2. Nf3 e6 3. c4 Bb4+ 4. Bd2 c5 5. Bxb4 cxb4 6. e3 O-O 7. Be2 b6 8.
O-O Bb7 9. a3 bxa3 10. Nxa3 a5 11. Qb3 Na6 12. c5 Nb4 13. cxb6 Bd5 14. Nc4 Bxc4
15. Qxc4 Qxb6 16. Rfc1 1/2-1/2

[Event "13. Open del Sants 2011"]
[Site "Barcelona ESP"]
[Date "2011.08.28"]
[Round "10.9"]
[White "Bergez, Luc"]
[Black "Cuartas Jaime, Alexander"]
[Result "1/2-1/2"]
[WhiteElo "2416"]
[BlackElo "2542"]
[PlyCount "35"]
[EventDate "2011.08.19"]
[EventType "swiss"]
[EventRounds "10"]
[EventCountry "ESP"]
[Source "lmi"]
[SourceDate "2011.08.19"]

1. e4 c5 2. Nf3 Nc6 3. c3 Nf6 4. e5 Nd5 5. d4 cxd4 6. cxd4 d6 7. Bc4 Nb6 8. Bb5
dxe5 9. Nxe5 Bd7 10. Nxd7 Qxd7 11. Nc3 e6 12. O-O Rc8 13. Be3 Be7 14. Qg4 O-O
15. Rad1 f5 16. Qf3 Nd5 17. Nxd5 exd5 18. Bf4 1/2-1/2

[Event "13. Open del Sants 2011"]
[Site "Barcelona ESP"]
[Date "2011.08.28"]
[Round "10.10"]
[White "Adhiban, B."]
[Black "Blomqvist, Erik"]
[Result "1-0"]
[WhiteElo "2542"]
[BlackElo "2438"]
[PlyCount "77"]
[EventDate "2011.08.19"]
[EventType "swiss"]
[EventRounds "10"]
[EventCountry "ESP"]
[Source "lmi"]
[SourceDate "2011.08.19"]

1. e4 c5 2. Nf3 d6 3. d4 cxd4 4. Nxd4 Nf6 5. Nc3 g6 6. f3 Bg7 7. Be3 Nc6 8. Qd2
O-O 9. Bc4 Rb8 10. O-O-O Bd7 11. g4 Na5 12. Bb3 b5 13. Bh6 Bxh6 14. Qxh6 b4 15.
Nd5 Nxb3+ 16. Nxb3 Nxd5 17. exd5 Rb6 18. h4 e5 19. Nd2 Qe7 20. Ne4 f5 21. gxf5
gxf5 22. Rhg1+ Kh8 23. Rg6 fxe4 24. Rdg1 Qf7 25. Kb1 exf3 26. Rg7 Bf5 27. Rxf7
Rxf7 28. Rf1 Be4 29. Qe6 Bg6 30. Kc1 Kg7 31. Kd2 Rf4 32. Ke3 Rf6 33. Qd7+ Rf7
34. Qh3 Bxc2 35. Rg1+ Bg6 36. h5 f2 37. Rf1 Bc2 38. h6+ Kg6 39. Qg4+ 1-0

[Event "13. Open del Sants 2011"]
[Site "Barcelona ESP"]
[Date "2011.08.28"]
[Round "10.12"]
[White "Giroyan, Gary"]
[Black "Handke, Florian"]
[Result "0-1"]
[WhiteElo "2294"]
[BlackElo "2518"]
[PlyCount "68"]
[EventDate "2011.08.19"]
[EventType "swiss"]
[EventRounds "10"]
[EventCountry "ESP"]
[Source "lmi"]
[SourceDate "2011.08.19"]

1. e4 c5 2. Nf3 e6 3. d4 cxd4 4. Nxd4 a6 5. Bd3 Bc5 6. Nb3 Be7 7. Be3 d6 8.
N1d2 Nf6 9. f4 Nc6 10. c3 e5 11. f5 g6 12. g4 h5 13. g5 Ng4 14. f6 Bxf6 15.
gxf6 Nxe3 16. Qf3 Ng4 17. h3 Nh6 18. Bc4 Qc7 19. O-O-O b5 20. Bd5 a5 21. Kb1
Bd7 22. Rhg1 Rb8 23. a3 Nd8 24. Rc1 a4 25. Na1 Ne6 26. Bxe6 Bxe6 27. Nc2 Qd7
28. Rg3 h4 29. Rgg1 Bxh3 30. Qf2 Ng8 31. Rh1 Kf8 32. Nf3 Rh5 33. Rcg1 Nxf6 34.
Nxh4 Kg7 0-1

[Event "13. Open del Sants 2011"]
[Site "Barcelona ESP"]
[Date "2011.09.28"]
[Round "10.13"]
[White "Gonzalez Vidal, Yuri"]
[Black "Gullaksen, Eirik"]
[Result "1/2-1/2"]
[WhiteElo "2503"]
[BlackElo "2376"]
[PlyCount "53"]
[EventDate "2011.08.19"]
[EventType "swiss"]
[EventRounds "10"]
[EventCountry "ESP"]
[Source "lmi"]
[SourceDate "2011.08.19"]

1. d4 Nf6 2. c4 g6 3. Nc3 Bg7 4. e4 d6 5. Nf3 O-O 6. h3 Na6 7. Bg5 e5 8. d5 Qe8
9. g4 Kh8 10. Nd2 Ng8 11. Be3 f5 12. gxf5 gxf5 13. exf5 Bxf5 14. Nde4 Qg6 15.
f3 Bxe4 16. Nxe4 Bh6 17. Rg1 Qh5 18. Ng5 Ne7 19. Qc2 Nf5 20. O-O-O Qg6 21. Bd2
Nd4 22. Qxg6 hxg6 23. f4 Bxg5 24. Rxg5 Nf3 25. Rxg6 Nxd2 26. Kxd2 Rxf4 27. Bd3
1/2-1/2

[Event "13. Open del Sants 2011"]
[Site "Barcelona ESP"]
[Date "2011.08.28"]
[Round "10.14"]
[White "Lalith Babu, M R."]
[Black "Soumya, Swaminathan"]
[Result "1-0"]
[WhiteElo "2495"]
[BlackElo "2338"]
[PlyCount "69"]
[EventDate "2011.08.19"]
[EventType "swiss"]
[EventRounds "10"]
[EventCountry "ESP"]
[Source "lmi"]
[SourceDate "2011.08.19"]

1. Nf3 d5 2. d4 Nf6 3. c4 c6 4. cxd5 cxd5 5. Nc3 Nc6 6. Bf4 a6 7. Ne5 Qb6 8.
Nxc6 bxc6 9. f3 Nh5 10. Be3 Qxb2 11. Na4 Qa3 12. Qc2 Bd7 13. Bd2 e6 14. Nb6 Rb8
15. Rb1 Be7 16. e3 Qd6 17. Bxa6 Qc7 18. O-O Bd6 19. f4 Qa7 20. Nxd7 Kxd7 21.
Bd3 c5 22. Rb5 Rxb5 23. Bxb5+ Ke7 24. dxc5 Bxc5 25. Kh1 Nf6 26. Bc3 Rb8 27. a4
Ne4 28. Bxg7 Bxe3 29. g3 f6 30. Bd3 Nf2+ 31. Kg2 Nxd3 32. Qxd3 Rb2+ 33. Kf3 Bg1
34. Qa3+ Kf7 35. Qf8+ 1-0

[Event "13. Open del Sants 2011"]
[Site "Barcelona ESP"]
[Date "2011.08.28"]
[Round "10.15"]
[White "Fernandez Garcia, Jose Miguel"]
[Black "Leniart, Arkadiusz"]
[Result "1-0"]
[WhiteElo "2285"]
[BlackElo "2455"]
[PlyCount "53"]
[EventDate "2011.08.19"]
[EventType "swiss"]
[EventRounds "10"]
[EventCountry "ESP"]
[Source "lmi"]
[SourceDate "2011.08.19"]

1. c4 e6 2. Nc3 Nf6 3. Nf3 d5 4. e3 Be7 5. Be2 O-O 6. O-O b6 7. b3 Bb7 8. Bb2
Nbd7 9. Rc1 c6 10. Re1 a6 11. d4 Bd6 12. Bf1 c5 13. cxd5 exd5 14. Ne2 Re8 15.
Ng3 Bf8 16. Ne5 Nxe5 17. dxe5 Nd7 18. f4 f6 19. exf6 Nxf6 20. Bd3 b5 21. Be5
Ne4 22. Nxe4 dxe4 23. Be2 Qb6 24. Qc2 Rad8 25. Red1 Rxd1+ 26. Rxd1 Rd8 27. a4
1-0

[Event "13. Open del Sants 2011"]
[Site "Barcelona ESP"]
[Date "2011.08.28"]
[Round "10.16"]
[White "Swiercz, Dariusz"]
[Black "Lorenzo De La Riva, Lazaro"]
[Result "1-0"]
[WhiteElo "2553"]
[BlackElo "2391"]
[PlyCount "47"]
[EventDate "2011.08.19"]
[EventType "swiss"]
[EventRounds "10"]
[EventCountry "ESP"]
[Source "lmi"]
[SourceDate "2011.08.19"]

1. e4 c5 2. Nf3 Nc6 3. d4 cxd4 4. Nxd4 Nf6 5. Nc3 d6 6. Be2 g6 7. O-O Bg7 8.
Nb3 O-O 9. Re1 a6 10. Bg5 h6 11. Bh4 b5 12. Bf1 Be6 13. Nd5 g5 14. Bg3 Bxd5 15.
exd5 Nb4 16. a4 Nbxd5 17. axb5 axb5 18. Rxa8 Qxa8 19. Bxb5 Rb8 20. Nd4 Qa2 21.
c4 Qxb2 22. cxd5 Nxd5 23. Bc4 Bxd4 24. Bxd5 1-0

[Event "13. Open del Sants 2011"]
[Site "Barcelona ESP"]
[Date "2011.08.28"]
[Round "10.19"]
[White "Padmini, Rout"]
[Black "Alonso Rosell, Alvar"]
[Result "0-1"]
[WhiteElo "2348"]
[BlackElo "2502"]
[PlyCount "80"]
[EventDate "2011.08.19"]
[EventType "swiss"]
[EventRounds "10"]
[EventCountry "ESP"]
[Source "lmi"]
[SourceDate "2011.08.19"]

1. e4 d5 2. exd5 Qxd5 3. Nc3 Qd6 4. d4 Nf6 5. Nf3 g6 6. Bc4 Bg7 7. O-O a6 8. h3
O-O 9. a4 Rd8 10. Re1 Nc6 11. Ne5 e6 12. Be3 Qb4 13. Nxc6 bxc6 14. Qd3 c5 15.
Ne2 Bb7 16. c3 Qb6 17. f3 cxd4 18. cxd4 a5 19. Qc2 e5 20. Red1 e4 21. f4 Nd5
22. Bxd5 Bxd5 23. Rdc1 c6 24. Kf2 Rab8 25. Qd2 Qxb2 26. Qxa5 Bc4 27. Rxc4 Qxa1
28. Rxc6 Ra8 29. Ra6 Rxa6 30. Qxa6 Qb2 31. Qc6 Qa2 32. Qxe4 Qxa4 33. g4 Re8 34.
Qf3 Qd1 35. Ng3 Qd3 36. Ne2 Bf6 37. g5 Bg7 38. Qg3 Bf8 39. Qf3 Bb4 40. Bc1 Be1+
0-1

[Event "13. Open del Sants 2011"]
[Site "Barcelona ESP"]
[Date "2011.08.28"]
[Round "10.20"]
[White "Castellanos Rodriguez, Renier"]
[Black "Peek, Marcel"]
[Result "1/2-1/2"]
[WhiteElo "2497"]
[BlackElo "2338"]
[PlyCount "72"]
[EventDate "2011.08.19"]
[EventType "swiss"]
[EventRounds "10"]
[EventCountry "ESP"]
[Source "lmi"]
[SourceDate "2011.08.19"]

1. e4 c5 2. Nf3 d6 3. d4 cxd4 4. Nxd4 Nf6 5. Nc3 Nc6 6. Bg5 e6 7. Qd2 Nxd4 8.
Qxd4 Bd7 9. Nb5 Rc8 10. c3 Qb6 11. Bxf6 gxf6 12. Qxf6 Rg8 13. Qd4 Rc5 14. a4 a6
15. b4 axb5 16. bxc5 dxc5 17. Qe5 Bg7 18. Qg3 bxa4 19. Rd1 Qc6 20. Be2 Kf8 21.
O-O Bf6 22. Qf4 Bxc3 23. Bb5 Qxb5 24. Qd6+ Kg7 25. Qg3+ Kf8 26. Qxc3 Ke7 27.
Rd3 Bc6 28. Rfd1 f6 29. Rg3 Rg6 30. Rxg6 hxg6 31. e5 Qb4 32. Qh3 fxe5 33. Qh7+
Kf6 34. Qh8+ Kf7 35. Qh7+ Kf6 36. Qh8+ Kf7 1/2-1/2